La martineta : cría y explotación /

Guardado en:
Autor Principal: Cravino, Jorge Luis
Formato: Libro
Publicado: Montevideo : Hemisferio Sur, s/f
Materias:
Etiquetas: Agregar Etiqueta
Sin Etiquetas, Sea el primero en etiquetar este registro!
LEADER 00637nam a22002055a 4500
001 CEM.cems017585
005 20110517122837.0
008 130507b######################000#0#####d
003 CEMS
082 0 4 |a 636.63 
100 1 |a Cravino, Jorge Luis 
245 1 0 |a La martineta :  |b cría y explotación /  |c Jorge Luis Cravino 
260 |a Montevideo :  |b  Hemisferio Sur, s/f 
300 |a 92 p. 
500 |a Asociación para el Desarrollo de la fauna cinegética 
653 |a Martineta 
653 |a Martineta-cría 
653 |a Martineta-explotación 
653 |a Fauna cinegética 
859 |a CEMS  |b BIB. CEMS - Agricultura  |h 636.63  |i C855  |p A1350.11  |t Ej.1